المعجم في بقية الأشياء مع ذيل اسماء بقية الاشياء / (رقم التسجيلة. 30618)
[ عرض عادي ]
| 000 -LEADER | |
|---|---|
| fixed length control field | 00713nam a22001937a 4500 |
| 005 - DATE AND TIME OF LATEST TRANSACTION | |
| control field | 20251108165543.0 |
| 008 - FIXED-LENGTH DATA ELEMENTS--GENERAL INFORMATION | |
| fixed length control field | 250721s1997 xx 000 0 ara d |
| 082 14 - DEWEY DECIMAL CLASSIFICATION NUMBER | |
| Classification number | م/413.3/عسك |
| 100 1# - MAIN ENTRY--PERSONAL NAME | |
| Personal name | العسكري، أبو هلال الحسن بن عبد الله بن سهل |
| 245 10 - TITLE STATEMENT | |
| Title | المعجم في بقية الأشياء مع ذيل اسماء بقية الاشياء / |
| 264 1# - PRODUCTION, PUBLICATION, DISTRIBUTION, MANUFACTURE, AND COPYRIGHT NOTICE | |
| Place of production, publication, distribution, manufacture | القاهرة : |
| Name of producer, publisher, distributor, manufacturer | دار الفضيلة للنشر و التوزيع، |
| Date of production, publication, distribution, manufacture, or copyright notice | 1997. |
| 300 ## - PHYSICAL DESCRIPTION | |
| Extent | 190ص. |
| 650 17 - SUBJECT ADDED ENTRY--TOPICAL TERM | |
| Topical term or geographic name as entry element | اللغة العربية |
| 650 17 - SUBJECT ADDED ENTRY--TOPICAL TERM | |
| Topical term or geographic name as entry element | القواميس |
| 650 17 - SUBJECT ADDED ENTRY--TOPICAL TERM | |
| Topical term or geographic name as entry element | علم الدلالة |
| 700 1# - ADDED ENTRY--PERSONAL NAME | |
| Personal name | عوض، أحمد عبد التواب |
| Relator term | تحقيق |
| 942 ## - ADDED ENTRY ELEMENTS (KOHA) | |
| Source of classification or shelving scheme | Dewey Decimal Classification |
| Koha item type | مراجع |
| حالة السحب | حالة الفقدان | مصدر التصنيف | حالة التلف | غير قابل للإعارة | المكتبة الرئيسية | المكتبة الحالية | موقع الرف | تاريخ التزويد | الرقم المتسلسل | Total Checkouts | رقم الإستدعاء | الباركود | تاريخ آخر ظهور | تاريخ الفاتورة | نوع المادة (كوها) |
|---|---|---|---|---|---|---|---|---|---|---|---|---|---|---|---|
| Dewey Decimal Classification | Not For Loan | المكتبة المركزية | المكتبة المركزية | مراجع | 06/07/2004 | 272153 | م/413.3/عسك | 272153 | 28/07/2025 | 06/07/2004 | مراجع | ||||
| Dewey Decimal Classification | المكتبة المركزية | المكتبة المركزية | مقتنيات قسم التزويد | 28/07/2025 | 1765728 | م/413.3/عسك | 28/07/2025 | 28/07/2025 | مراجع | ||||||
| Dewey Decimal Classification | Not For Loan | مكتبة الأميرة ايمان العامة | مكتبة الأميرة ايمان العامة | مراجع | 22/10/2013 | [9622] | م/413.3/عسك | PLD00283468 | 28/07/2025 | 22/10/2013 | مراجع | ||||
| Dewey Decimal Classification | Not For Loan | مكتبة البراعم الواعدة | مكتبة البراعم الواعدة | مراجع | 19/05/2018 | 1653793 | م/413.3/عسك | PLD00421299 | 28/07/2025 | 19/05/2018 | مراجع | ||||
| Dewey Decimal Classification | Not For Loan | مكتبة الجويدة | مكتبة الجويدة | مراجع | 18/06/2015 | [6766] | م/413.3/عسك | PLD00332739 | 28/07/2025 | 18/06/2015 | مراجع | ||||
| Dewey Decimal Classification | Not For Loan | مكتبة حمزة العامة | مكتبة حمزة العامة | مراجع | 08/11/2015 | [6428]. | م/413.3/عسك | PLD00362569 | 28/07/2025 | 08/11/2015 | مراجع | ||||
| Dewey Decimal Classification | Not For Loan | مكتبة صويلح العامة | مكتبة صويلح العامة | مراجع | 03/10/2019 | 013989 | م/413.3/عسك | PLD00470404 | 28/07/2025 | 03/10/2019 | مراجع | ||||
| Dewey Decimal Classification | Not For Loan | مكتبة وادي السير العامة | مكتبة وادي السير العامة | مراجع | 20/03/2016 | [7707.] | م/413.3/عسك | PLD00381063 | 28/07/2025 | 20/03/2016 | مراجع |